000 00696nam a2200241Ia 4500
003 OSt
005 20220923224329.0
006 a|||||r|||| 00| 0
007 ta
008 Pun
024 _a231,311
037 _cTextual
040 _aARTS
_cARTS
_bPun
041 _2Pun
_aPun
082 _aO153,1:g, J7
100 _aਸੇਖੋਜ਼, ਸਂਤ ਸਿੰਘ
_9156310
245 0 _aਸਾਹਿਤਿਆਰਬ
260 _aਲੁਧਿਆਨਾ
_b ਲਾਹੌਰ ਬੁਕ Fਾਪ
_c1947
300 _a200ਪੰ
_ccm.
650 _aਵਧੀਆ ਕਲਾ
_9156314
942 _hO153,1:g, J7
_cTEXL
_2CC
999 _c370725
_d370725